书目信息 |
| 题名: |
国际财务报告
|
|
| 作者: | 叶陈刚 主译 | |
| 分册: | ||
| 出版信息: | 大连 东北财经大学出版社 2000.07 |
|
| 页数: | 431页 | |
| 开本: | 16开 | |
| 丛书名: | ||
| 单 册: | ||
| 中图分类: | F23 | |
| 科图分类: | ||
| 主题词: | 会计 | |
| 电子资源: | ||
| ISBN: | 7-81044-745-9 | |
| 000 | 00533nam0 2200193 45 | |
| 001 | 0104130917 | |
| 005 | 20010413091540.5 | |
| 010 | @a7-81044-745-9@d46.00元 | |
| 100 | @a20010413d2000 km y0chiy0120 ea | |
| 101 | 0 | @achi |
| 105 | @a z 000yy | |
| 200 | 1 | @a国际财务报告@AGuo Ji Cai Wu Bao Gao@f叶陈刚主译@FYe Chen Gang Zhu Yi |
| 210 | @a大连@c东北财经大学出版社@d2000.07 | |
| 215 | @a431页@d16开 | |
| 606 | 0 | @a会计 |
| 690 | @aF23@v3 | |
| 701 | 0 | @a叶陈刚@4主译 |
| 801 | @aCN@bPftUser@c20010413 | |
| 905 | @b337675@dF23@eY263=2@f1 | |
| 国际财务报告/叶陈刚主译.-大连:东北财经大学出版社,2000.07 |
| 431页;16开 |
| ISBN 7-81044-745-9:46.00元 |
| ● |
| 相关链接 |
|
|
|
正题名:国际财务报告
索取号:F23/Y263=2
 
预约/预借
| 序号 | 登录号 | 条形码 | 馆藏地/架位号 | 状态 | 备注 |
| 1 | 337675 | 203376756 | 社科库409/409社科库 74排2列3层/ [索取号:F23/Y263=2] | 在馆 |